000
00304nam a2200145Ia 4500
100
_a
Weber/Joseph L
942
_c
BK
654
_a
Computer
245
_a
Using Java 2 Platform
260
_b
Prentice Hall
_c
1998
082
_a
005.133'J'
_b
WEB
300
_a
1414
546
_a
ENGLISH
999
_c
22883
_d
22883